000 00433nam a22001697a 4500
003 CEME
005 20210628210246.0
008 210216b xxu||||| |||| 00| 0 eng d
040 _c.
082 _a297.7 ASH
100 _aAshraf Ali Thanvi Muhammad Ashraf Ali Thanvi
_978766
245 _aAmsaal-e-ibrat
260 _aMULTAN
_bIDARA-E-TALEEF
_c1999
300 _a416P
650 _aISLAM-AMSAAL-E-IBRAT
_978767
942 _cBK
_2ddc
999 _c583850
_d583850